Simposio sobre evolución estelar = Symposium on stellar evolution : noviembre 7-11, 1960.
Guardado en:
| Autor Corporativo: | |
|---|---|
| Formato: | Libro |
| Idioma: | Spanish English |
| Publicado: |
La Plata :
Observatorio astronómico, Universidad Nacional de La Plata,
1962.
|
| Etiquetas: |
Agregar Etiqueta
Sin Etiquetas, Sea el primero en etiquetar este registro!
|
| LEADER | 00747nam a22001695a 4500 | ||
|---|---|---|---|
| 001 | MAT.inmabb001032 | ||
| 008 | 031120s1962####ag############101#0#spa#d | ||
| 005 | 20170808155653.0 | ||
| 245 | 1 | 0 | |a Simposio sobre evolución estelar = |b Symposium on stellar evolution : noviembre 7-11, 1960. |
| 260 | |a La Plata : |b Observatorio astronómico, Universidad Nacional de La Plata, |c 1962. | ||
| 300 | |a v, 310 p. ; |c 27 cm. | ||
| 500 | |a "... una de las reuniones científicas organizadas en Argentina para celebrar el Sesquicentenario de la Revolución de Mayo." | ||
| 111 | 2 | |a Simposio sobre evolución estelar |d (1960 : |c La Plata) | |
| 246 | 3 | 1 | |a Symposium on stellar evolution |
| 084 | |a 85-XX |2 msc2000 | ||
| 041 | 0 | |a spa |a eng | |
| 859 | |h 85 |i Si612-1960 |p A-918 |b BIB. MATEMATICA | ||
